Aus aller Herren Länder: Ethnische Vielfalt in den Städten Magdeburger Rechts
| Titel: | Aus aller Herren Länder: Ethnische Vielfalt in den Städten Magdeburger Rechts / Martin Müller |
|---|---|
| Verfasser: | |
| In: |
Faszination Stadt, (2019), Seite 626-629 alle Artikel anzeigen |
| Veröffentlicht: | 2019 |
| Umfang: | Illustrationen |
| Format: | Aufsatz |
| Sprache: | Deutsch |
X
alg: 47929187 001A $03025:17-05-21 001B $01999:17-05-21 $t22:54:06.000 001D $03025:17-05-21 001U $0utf8 001X $00 002@ $0Aou 002C $aText $btxt $2rdacontent 002D $aohne Hilfsmittel zu benutzen $bn $2rdamedia 002E $aBand $bnc $2rdacarrier 003@ $047929187X 007A $047929187X $aHEB 010@ $ager 010E $erda 011@ $a2019 021A $aAus aller Herren Länder: Ethnische Vielfalt in den Städten Magdeburger Rechts $hMartin Müller 028A $BVerfasser $#Müller, M. $#Müllerus, Martinus $#Müller, Martinus $#Mullerus, Martinus $#Muller, Martinus $#Moellerus, Martinus $#Müllerus, Martin $#Muller, Martin $#Müller, Martin Richard Friedrich $4aut $7 $8Müller, Martin [Tnd] $9136802842 031A $h626-629 $j2019 034M $aIllustrationen 039B $aEnthalten in $8--Aau--. Faszination Stadt. - Dresden : Sandstein Verlag, [2019]. - 807 Seiten. - Illustrationen, Karten. - ISBN 978-3-95498-453-4 $x201900000000000374 $9450579158 044K $RMitteleuropa $RVisegrád-Staaten $ROsteuropa $#Ostmitteleuropa $#Ostmitteleuropa $#Mitteleuropa, Ost $#Central Europe Ostmitteleuropa $#Mittelosteuropa $74075753-5 $8Ostmitteleuropa [Tg1] $9085214485 044K $RStadtrecht $#Magdeburg law $#Droit de Magdebourg $#Magdeburger Recht $74168496-5 $8Magdeburger Stadtrecht [Ts1] $9085765104 044K $#Race relations $#Relations interethniques $#ethnische Beziehungen $#Ethnische Beziehung $#Rassenbeziehung $#Rassenbeziehungen $74176973-9 $8Ethnische Beziehungen [Ts1] $908583369X 044K $RPluralistische Gesellschaft $RMonismus $#Cultural pluralism $#Pluralism $#Multipartisme $#Pluralisme (philosophie) $#Diversité culturelle $#Pluralismus $#Pluralismus $#Pluralität $74046401-5 $8Pluralismus [Ts1] $9085129623 044K $RMobilität $RRegionale Mobilität $#Emigration and immigration $#Émigration et immigration $#migration $#Migration $#Bevölkerungswanderung $#Wanderung Soziologie $#Wanderungen $#Wanderungsbewegung $74120730-0 $8Migration [Ts1] $9085386928 045F $a304.6094370902 $eDDC23BSB 045F/01 $a304.609 045F/03 $f0902 045F/03 $g437 045R $aGeschichte 1100-1540 lok: 47929187 78 exp: 47929187 78 1 #EPN 201B/01 $017-05-21 $t11:20:06.000 201C/01 $017-05-21 201U/01 $0utf8 203@/01 $01153749238 208@/01 $a17-05-21 $be 209A/01 $a/ $f000 $x00 209A/01 $ab*p $x01 220C/01 $apgar 244Z/01 $#Ostmitteleuropa $#Ostmitteleuropa $#Mitteleuropa, Ost $#Central Europe Ostmitteleuropa $#Mittelosteuropa $74075753-5 $8--Tg1--Ostmitteleuropa $x01 $9085214485 247C/01 $82080>Marburg/Lahn, Herder-Institut, Forschungsbibliothek, Bibliographieportal $9336309341
| LEADER | 00000caa a2200000 c 4500 | ||
|---|---|---|---|
| 001 | 47929187X | ||
| 003 | DE-603 | ||
| 005 | 20210517225406.0 | ||
| 007 | tu | ||
| 008 | 210517s2019 xx |||| | u00||u|ger c | ||
| 035 | |a (DE-599)HEB47929187X | ||
| 040 | |a DE-603 |b ger |c DE-603 |d DE-603 |e rda | ||
| 041 | |a ger | ||
| 082 | 0 | 4 | |8 1\u |a 304.6094370902 |q DE-101 |2 23/BSB |
| 085 | |8 1\u |b 304.609 | ||
| 085 | |8 1\u |z 1 |s 0902 | ||
| 085 | |8 1\u |z 2 |s 437 | ||
| 100 | 1 | |a Müller, Martin |e Verfasser |4 aut |0 (DE-603)136802842 | |
| 245 | 0 | 0 | |a Aus aller Herren Länder: Ethnische Vielfalt in den Städten Magdeburger Rechts |c Martin Müller |
| 264 | 0 | |c 2019 | |
| 300 | |b Illustrationen | ||
| 336 | |a Text |b txt |2 rdacontent | ||
| 337 | |a ohne Hilfsmittel zu benutzen |b n |2 rdamedia | ||
| 338 | |a Band |b nc |2 rdacarrier | ||
| 648 | 7 | |a Geschichte 1100-1540 |2 gnd | |
| 650 | 7 | |a Magdeburger Stadtrecht |0 (DE-588)4168496-5 |0 (DE-603)085765104 |2 gnd | |
| 650 | 7 | |a Ethnische Beziehungen |0 (DE-588)4176973-9 |0 (DE-603)08583369X |2 gnd | |
| 650 | 7 | |a Pluralismus |0 (DE-588)4046401-5 |0 (DE-603)085129623 |2 gnd | |
| 650 | 7 | |a Migration |0 (DE-588)4120730-0 |0 (DE-603)085386928 |2 gnd | |
| 651 | 7 | |a Ostmitteleuropa |0 (DE-588)4075753-5 |0 (DE-603)085214485 |2 gnd | |
| 773 | 0 | 8 | |i Enthalten in |t Faszination Stadt |d Dresden : Sandstein Verlag, [2019] |h 807 Seiten, Illustrationen, Karten |z 9783954984534 |z 3954984539 |g (2019), Seite 626-629 |w (DE-603)450579158 |
| 924 | 0 | |9 2080 |a (DE-603)1153749238 |b DE-2080 |c HES |d d |g / | |


